Drum (Record no. 350178)

000 -LEADER
fixed length control field 00442nam a22002057a 4500
003 - CONTROL NUMBER IDENTIFIER
control field OSt
005 - DATE AND TIME OF LATEST TRANSACTION
control field 20180116183009.0
008 - FIXED-LENGTH DATA ELEMENTS--GENERAL INFORMATION
fixed length control field 150828b xxu||||| |||| 00| 0 eng d
020 ## - INTERNATIONAL STANDARD BOOK NUMBER
International Standard Book Number 0
040 ## - CATALOGING SOURCE
Transcribing agency 0
082 ## - DEWEY DECIMAL CLASSIFICATION NUMBER
Classification number 813.54 ONS1973
100 ## - MAIN ENTRY--PERSONAL NAME
Personal name Kyle Onstott
245 ## - TITLE STATEMENT
Title Drum
Statement of responsibility, etc. Kyle Onstott
260 ## - PUBLICATION, DISTRIBUTION, ETC.
Name of publisher, distributor, etc. Pan
Date of publication, distribution, etc. 1977
300 ## - PHYSICAL DESCRIPTION
Extent 476 p.
Other physical details PB
440 ## - SERIES STATEMENT/ADDED ENTRY--TITLE
Title Drum
600 ## - SUBJECT ADDED ENTRY--PERSONAL NAME
Personal name Kyle Onstott
700 ## - ADDED ENTRY--PERSONAL NAME
Personal name Kyle Onstott
942 ## - ADDED ENTRY ELEMENTS (KOHA)
Source of classification or shelving scheme
Koha item type Book
Holdings
Withdrawn status Lost status Source of classification or shelving scheme Damaged status Not for loan Collection code Permanent Location Current Location Shelving location Date acquired Total Checkouts Full call number Barcode Date last seen Date last checked out Price effective from Koha item type
            Central Library (CL) Central Library (CL) Fiction 08/28/2015 1 813.54 ONS1973 NBSD-2102 07/05/2017 05/18/2017 08/28/2015 Book
© 2023 Central Library, National University of Sciences and Technology. All Rights Reserved.